000 00801nam a2200253Ia 4500
003 OSt
005 20220925181638.0
006 a|||||r|||| 00| 0
007 ta
008 220923b |||||||| |||| 00| 0 eng d
037 _cGeneral Book
040 _aRTL
_cRTL
_beng
041 _2eng
_aeng
082 _aX62.1,hN46.N7, L3
100 _aReid Escott
_9102467
110 _aAdlai Stevenson Institute of International Affairs
_9254383
245 0 _aStrengthening the world bank
260 _aChicago
_bAdlai Stevenson Institutes
_c1973
300 _axviii, 289p. Appendix p 216-63
_ccm.
650 _aBanking
700 _aAdlai Stevenson Institute of International Affairs
_9254384
942 _hX62.1,hN46.N7, L3
_cGB
_2CC
999 _c499817
_d499817